Hospodářskou politikou k nastartování expanze.

V súčasnosti rastú možnosti na všetkom zarobiť, ale tiež nastáva čas, kedy začnú prebiehať bankroty, včítane reťazového dopadu na podniky a banky a kedy solídnosť podnikania zápasí s nesolídnosťou. Nedostatky, ktoré bránia využívať uvoľnený potenciál občana. Predpoklady výrazného podnecovania ekonom...

Descrizione completa

Salvato in:
Dettagli Bibliografici
Autore principale: Ptáček, J.
Natura: Capitolo di libro
Lingua:ceco
Soggetti:
Tags: Aggiungi Tag
Nessun Tag, puoi essere il primo ad aggiungerne!!

MARC

LEADER 00000naa a2200000 4500
001 r010981
005 20220831084627.9
041 0 |a cze 
044 |a [CS] 
245 1 0 |a Hospodářskou politikou k nastartování expanze.  |c J. Ptáček 
520 |a V súčasnosti rastú možnosti na všetkom zarobiť, ale tiež nastáva čas, kedy začnú prebiehať bankroty, včítane reťazového dopadu na podniky a banky a kedy solídnosť podnikania zápasí s nesolídnosťou. Nedostatky, ktoré bránia využívať uvoľnený potenciál občana. Predpoklady výrazného podnecovania ekonomického rastu. Dôležitosť rozvoja finančného trhu, bánk, sporiteľní, poisťovní pre transformáciu. Určenie cieľov, ktoré môže zabezpečiť len prosperita. 
610 2 0 |a politika hospodárska 
610 2 0 |a rast hospodársky 
610 2 0 |a ČSFR 
610 2 0 |a 1992 
610 2 0 |a trh finančný 
610 2 0 |a banky 
610 2 0 |a transformácia 
610 2 0 |a podnikanie 
610 2 0 |a manažment 
100 1 |a Ptáček, J.